000 00766cam a2200277 4500500
005 20260329002846.0
041 _afre
042 _adc
100 1 0 _aEltchaninoff, Michel
_eauthor
245 0 0 _aSur les barricades de Kiev
260 _c2014.
500 _a86
690 _aBiélorussie
690 _aConstantin Sigov
690 _aCorruption
690 _aEurope
690 _aInsurrection
690 _aMaïdan
690 _aRévolution
690 _aRussie
690 _aUkraine
690 _aUnion soviétique
690 _aVladimir Poutine
786 0 _nPhilosophie magazine | 76 | 2 | 2014-02-01 | p. 15-17 | 1951-1787
856 4 1 _uhttps://shs.cairn.info/magazine-philosophie-magazine-2014-2-page-15?lang=fr&redirect-ssocas=7080
999 _c1819058
_d1819058